The CTBT controversy : (Record no. 593564)

000 -LEADER
fixed length control field 02063cam a2200337 a 4500
001 - CONTROL NUMBER
control field 12309514
005 - DATE AND TIME OF LATEST TRANSACTION
control field 20230307151208.0
008 - FIXED-LENGTH DATA ELEMENTS--GENERAL INFORMATION
fixed length control field 001010s2000 pk b 001 0 eng
010 ## - LIBRARY OF CONGRESS CONTROL NUMBER
LC control number 00313890
020 ## - INTERNATIONAL STANDARD BOOK NUMBER
International Standard Book Number 9698550003
025 ## - OVERSEAS ACQUISITION NUMBER
Overseas acquisition number P-E-00313890; 08
035 ## - SYSTEM CONTROL NUMBER
System control number (DLC) 00313890
040 ## - CATALOGING SOURCE
Original cataloging agency DLC
Transcribing agency DLC
Modifying agency DLC
042 ## - AUTHENTICATION CODE
Authentication code lcode
043 ## - GEOGRAPHIC AREA CODE
Geographic area code az-----
050 00 - LIBRARY OF CONGRESS CALL NUMBER
Classification number KZ5681
Item number .C77 2000
082 ## - DEWEY DECIMAL CLASSIFICATION NUMBER
Classification number 327.1747
Author Mark AHM 2000
245 04 - TITLE STATEMENT
Title The CTBT controversy :
Remainder of title different perceptions in South Asia /
Statement of responsibility, etc. edited by Moonis Ahmar.
260 ## - PUBLICATION, DISTRIBUTION, ETC.
Place of publication, distribution, etc. Karachi :
Name of publisher, distributor, etc. Dept. of International Relations, University of Karachi,
Date of publication, distribution, etc. 2000.
300 ## - PHYSICAL DESCRIPTION
Extent 154 p. ;
Dimensions 23 cm.
504 ## - BIBLIOGRAPHY, ETC. NOTE
Bibliography, etc. note Includes bibliographical references and index.
505 8# - FORMATTED CONTENTS NOTE
Formatted contents note Machine generated contents note: Legal and Conceptual Dimensions of the CTBT -- Ahmer Bilal Soofi -- The International Dimensions of the CTBT -- Shaista Tabassum -- The CTBT Controversy: The Regional Dimension -- Moonis Ahmar -- CTBT and Public Perceptions in Pakistan -- Arshi Saleem Hashmi -- The CTBT and the Isolationist Agenda -- Pervez Hoodbhoy -- CTBT: A Tool for American Domination -- Tarik Jan -- The CTBT Controversy: -- Need for a Consensual Approach -- Kamal Matinuddin -- The Future of Nuclear Non-Proliferation -- in South Asia -- Ghulam Umer -- The CTBT Controversy: The Role of -- Nuclear Nationalism and Religious Extremism -- S. MutahirAhmed -- The Economic Dimensfon of the -- CTBT Controversy -- Farhan H. Siddiqui -- Nuclear Explosions and Environmental -- Degradation: CTBT as a Case Study -- Naeem Ahmed -- A Chronological Survey of CTBT: 1996-2000 -- Nausheen Wasi -- Index.
520 ## - SUMMARY, ETC.
Summary, etc. Papers read at a seminar.
650 #0 - SUBJECT ADDED ENTRY--TOPICAL TERM
Topical term or geographic name entry element Nuclear weapons
General subdivision Testing
-- Law and legislation
Geographic subdivision South Asia.
9 (RLIN) 109973
650 #0 - SUBJECT ADDED ENTRY--TOPICAL TERM
Topical term or geographic name entry element Nuclear arms control
Geographic subdivision South Asia.
9 (RLIN) 12991
700 1# - ADDED ENTRY--PERSONAL NAME
Personal name Ahmar, Moonis.
9 (RLIN) 90901
856 41 - ELECTRONIC LOCATION AND ACCESS
Materials specified Table of contents
Uniform Resource Identifier <a href="http://www.loc.gov/catdir/toc/fy02/00313890.html">http://www.loc.gov/catdir/toc/fy02/00313890.html</a>
906 ## - LOCAL DATA ELEMENT F, LDF (RLIN)
a 7
b cbc
c origode
d 3
e ncip
f 20
g y-gencatlg
942 ## - ADDED ENTRY ELEMENTS (KOHA)
Source of classification or shelving scheme
Koha item type Book
Holdings
Withdrawn status Lost status Source of classification or shelving scheme Damaged status Not for loan Permanent Location Current Location Shelving location Date acquired Total Checkouts Full call number Barcode Date last seen Price effective from Koha item type
          Centre for International Peace & Stability (CIPS) Centre for International Peace & Stability (CIPS) General Stacks 03/07/2023   327.1747 AHM 2000 CIPSD0000735 03/07/2023 03/07/2023 Book
© 2023 Central Library, National University of Sciences and Technology. All Rights Reserved.